| 000 | 00780nam a2200229 a 4500 | ||
|---|---|---|---|
| 001 | 2770 | ||
| 003 | CDMR | ||
| 005 | 20131111180912.0 | ||
| 008 | 130130s1998||||||||||||||||||||||||||||d | ||
| 020 | _a8449306019 | ||
| 040 |
_aCDMR _bcat _cCDMR |
||
| 100 | 1 |
_aReig, Ramón _92089 |
|
| 245 | 1 | 0 |
_aMedios de comunicación y poder en España _b: prensa, radio, televisión y mundo editorial _cRamón Reig |
| 260 |
_aBarcelona _c1998 _bPaidós |
||
| 300 | _a295 p. | ||
| 490 | 0 |
_aPapeles de Comunicación Paidós _v21 |
|
| 650 | 0 | 4 |
_9396 _aMitjans de comunicació de massa _zEspanya |
| 650 | 0 | 4 |
_92807 _aMitjans de comunicació de massa _xAspectes polítics |
| 650 | 0 | 4 |
_94120 _aEmpreses periodístiques _zEspanya |
| 650 | 0 | 4 |
_93456 _aLlibres _zEspanya _xIndústria i comerç |
| 942 |
_cMON _2udc |
||
| 999 |
_c2770 _d2770 |
||